000 01143cad a22002175a 4500
001 L142206
008 080129s2008 xxk f s 000 0 eng d
035 _a(Sirsi) u142206
041 0 _aeng
050 0 4 _a332.6324 $2 18
110 2 _aSavills Research
_95211
245 0 0 _aResidential investment bulletin
_bbuy to let market, winter 2008
_h[electronic resource]
260 _aLondon
_bSavills
_c2008
520 _aReports that the national buy to let market is dominated buy one and two bedroom properties. New build flats account for 61% of entrants to this market over the last six years. The average net income yields is only 3.2%, however two thirds of investors aim to increase their portfolio in the medium term. Only 3% of investors hold a stake of less than 10% equity. Among those who own 20 properties or more, 70% hold equity of over 25%.
521 2 _aAdvanced
590 _aKA
651 4 _aUnited Kingdom
_y
690 _aPROPERTY-RESIDENTIAL PROPERTY-RESIDENTIAL PROPERTY MARKET
856 4 0 _uhttps://www.savills.co.uk/research/Report.aspx?nodeID=9148
_zView the item free of charge at www.savills.co.uk...
942 _n0
999 _c107852
_d107852